000 00184 a2200097 4500
020 _a9789992235713
041 _aspa
100 _aGrupo Santillana
245 _aOrtografia
942 _cBK
999 _c15611
_d15611